Every Zone 2 Tower - Statistics

General Stats
  • This quiz has been taken 6 times
  • The average score is 9 of 15
Answer Stats
Difficulty Tower % Correct
Intense Citadel of {Green Stuff}
100%
Intense Tower of {Arcanium Zenturing}
100%
Insane Tower of {Double Trouble}
100%
Remorseless Tower of {Great Displeasure}
100%
Challenging Tower of {Slipping and Sliding}
100%
Medium Tower of {Venomous Resonance}
100%
Remorseless Tower of {Chaotic Moments}
50%
Hard Tower of {Ground Level Ascension}
50%
Challenging Tower of {Pleasant Fantasies}
50%
Medium Tower of {Slanted Anticipation}
50%
Intense Tower of {Triangular Terror}
50%
Difficult Tower of {Unearthed Discoveries}
50%
Difficult Tower of {Dreams and Caverns}
0%
Intense Tower of {Extraterrestrial Enchantment}
0%
Difficult Tower of {Troublesome Adventures}
0%
No matching quizzes found
Score Distribution
Percent of People with Each Score
Percentile by Number Answered
Your Score History
You have not taken this quiz